| 000 | 00393nam a2200145Ia 4500 | ||
|---|---|---|---|
| 008 | 220216s9999 xx 000 0 und d | ||
| 100 | _aGopalakrishnan K.S. | ||
| 245 | 0 | _aProspects of value addition to natural rubber | |
| 260 |
_bPlanters' Chronicle _c1997 |
||
| 300 | _a489-494 | ||
| 650 | _aNatural rubber | ||
| 650 | _aRubber product industry | ||
| 650 | _aValue addition | ||
| 942 | _cBS | ||
| 999 |
_c51278 _d51278 |
||